MARC details
| 000 -CABECERA |
| campo de control de longitud fija |
01234cam a2200253 a 4500 |
| 001 - NÚMERO DE CONTROL |
| campo de control |
000014602 |
| 005 - FECHA Y HORA DE LA ÚLTIMA TRANSACCIÓN |
| campo de control |
20200929163856.0 |
| 008 - DATOS DE LONGITUD FIJA--INFORMACIÓN GENERAL |
| campo de control de longitud fija |
001128s1997 cr b 000 0 spa d |
| 020 ## - NÚMERO INTERNACIONAL ESTÁNDAR DEL LIBRO |
| Número Internacional Estándar del Libro |
9977303053 |
| 035 ## - NÚMERO DE CONTROL DEL SISTEMA |
| Número de control de sistema |
(OCoLC)ocm46429938 |
| 040 ## - FUENTE DE LA CATALOGACIÓN |
| Centro catalogador/agencia de origen |
DO-SdBNP |
| Centro/agencia transcriptor |
IQU |
| Centro/agencia modificador |
DLC |
| 082 ## - NÚMERO DE LA CLASIFICACIÓN DECIMAL DEWEY |
| Número de clasificación |
305.23509728 |
| Número de documento/Ítem |
S471t |
| 111 1# - ENTRADA PRINCIPAL--NOMBRE DE CONGRESO/REUNIÓN |
| Nombre de congreso/reunión o jurisdicción como elemento de entrada |
Seminario-Taller Participación de la Juventud en la Construcción de una Cultura de Convivencia, Solidaridad y Paz en Centroamérica |
| Fecha del congreso/reunión |
(julio, 1996 : |
| Sede del congreso/Lugar de la reunión |
Nicaragua) |
| 9 (RLIN) |
33064 |
| 245 10 - MENCIÓN DE TÍTULO |
| Título |
Memoria del Seminario-Taller Participación de la Juventud en la Construcción de una Cultura de Convivencia, Solidaridad y Paz en Centroamérica. |
| 246 30 - FORMA VARIANTE DE TÍTULO |
| Título propio/Titulo breve |
Participación de la Juventud en la Construcción de una Cultura de Convivencia, Solidaridad y Paz en Centroamérica |
| 246 14 - FORMA VARIANTE DE TÍTULO |
| Título propio/Titulo breve |
Memoria |
| 260 ## - PUBLICACIÓN, DISTRIBUCIÓN, ETC. |
| Lugar de publicación, distribución, etc. |
San José, Costa Rica : |
| Nombre del editor, distribuidor, etc. |
Consejo Superior Universitario Centroaméricano ; |
| -- |
UNESCO, |
| Fecha de publicación, distribución, etc. |
1997. |
| 300 ## - DESCRIPCIÓN FÍSICA |
| Extensión |
298 p. ; |
| Dimensiones |
21 cm. |
| 500 ## - NOTA GENERAL |
| Nota general |
Organización de las Naciones Unidas para la Educación, la Ciencia y la Cultura. |
| 504 ## - NOTA DE BIBLIOGRAFÍA, ETC. |
| Nota de bibliografía, etc. |
Bibliografías: p. 293-298. |
| 650 #4 - PUNTO DE ACCESO ADICIONAL DE MATERIA--TÉRMINO DE MATERIA |
| Término de materia o nombre geográfico como elemento de entrada |
Juventud |
| Subdivisión geográfica |
América Central |
| Subdivisión general |
Condiciones sociales |
| 9 (RLIN) |
33065 |
| 650 #4 - PUNTO DE ACCESO ADICIONAL DE MATERIA--TÉRMINO DE MATERIA |
| Término de materia o nombre geográfico como elemento de entrada |
Juventud y paz |
| 9 (RLIN) |
33066 |
| 910 ## - DATOS DE OPCIÓN DEL USUARIO (OCLC) |
| Datos de opción del usuario |
Catalogación por copia / LC |